Ľudský rozmer historických postáv

Bibliographic Details
Main Author: Jurčo, Ján, 1933- (Author)
Format: Article
Language:Slovak
ISSN:0862-5999
Subjects:

MARC

LEADER 00000nab a2200000 a 4500
001 vtls010198829
003 SK-MaSNL
005 20260305021358.0
008 140422c2010 xo ||||||||||||00 b|slo
015 |a SNBRB2010/12  |2 snkbucl 
038 |a SNKBUCL 
040 |a SNKBUCL  |b slo  |c SNKBUCL  |e AACR2 
041 0 |a slo 
044 |a xo  |c SK 
080 |a 82.09:821.162.4-32  |x (048)  |2 2001 
080 |a 821.162.4-32  |x (048)  |2 2001 
100 1 |a Jurčo, Ján,  |d 1933-  |4 aut  |9 112673 
245 1 0 |a Ľudský rozmer historických postáv  |c Ján Jurčo 
600 1 7 |a Štefánik, Milan Rastislav,  |d 1880-1919  |2 snkbucl  |9 86219 
650 0 7 |a slovenské poviedky  |2 snkbucl  |9 111049 
650 0 7 |a biografické poviedky  |2 snkbucl  |9 1005418 
655 7 |a recenzie  |2 snkbucl  |9 21907 
773 0 |t Literárny (dvoj)týždenník  |g Roč. XXIII, č. 35-36 (2010), s. 12  |x 0862-5999 
787 0 8 |i Rec.:  |a Rezník, Jaroslav, 1942-  |t Oči plné oblohy  |d Bratislava : Slovenský spisovateľ, 2010  |z 9788022015196 
852 |a SNK  |b KIS3GCP 
958 |a LX 
958 |a SK 
958 |a RC 
999 |c 3285490  |d 3287420